000 01014cab a2200229 4500
001 WB2839-52
008 090401t1992 xxu||||| |||| 00| 0 eng d
035 _a(Sirsi) u32921
041 _aeng
245 _aArticle 4 directions: compensation
260 _c1992
350 _a0
490 _aEstates Gazette
_v(9239) 3 October 1992, 151(1)
520 _aDiscusses the use of Article 4 Directions for dealing with claims for compensation under Town and Country Planning Act 1990 s108 in connection with the exclusion of permitted development rights under the 1988 GDO. Refers to the decision "Strandmill Ltd v Epping Forest DC" LT 3 March 1992 (see WB2814-42) illustrating the conditions which have to be met before such a claim can be upheld.
650 _aARTICLE 4 DIRECTIONS
650 _aPERMITTED DEVELOPMENT RIGHTS
650 _aSTRANDMILL LTD V EPPING FOREST DC
650 _aTOWN AND COUNTRY PLANNING ACT 1990 S108
690 _aPLANNING LAW AND PRACTICE
942 _n0
948 _c04/03/1997
999 _c21995
_d21995